000 00488nam a2200205Ia 4500
003 OSt
005 20250823094856.0
008 250729s1900 xx 000 0 und d
020 _a ‎ 978-8188836475
040 _cAL
041 _aeng
082 _a613 PRAH
100 _aPrasad Krishna
_9221970
245 _aHealth education
260 _aNew Delhi
_bSonali Publication
300 _a234p
650 _aScience
_9221971
700 _aVenkata Rama
_9221972
942 _2ddc
_cBED
999 _c235247
_d235247